Les villes les plus peuplées du monde finissant par la lettre O - Statistiques

Statistiques générales
  • Ce quiz a été pris 68 fois
  • Le résultat moyen est 8 sur 20
Statistiques - réponses
Classement Continent Population Ville % Correct
1 Asie 37 115 000 Tokyo
97%
5 Amérique du Sud 22 806 700 Sao Paulo
85%
23 Amérique du Sud 13 824 300 Rio De Janeiro
84%
7 Amérique du Nord 22 505 300 Mexico
80%
57 Amérique du Sud 6 950 950 Santiago
74%
61 Amérique du Nord 6 431 430 Toronto
69%
197 Amérique du Nord 2 638 159 Chicago
64%
296 Amérique du Sud 1 781 360 Montevideo
56%
268 Amérique du Sud 1 986 670 Quito
52%
167 Afrique 3 050 570 Bamako
51%
115 Afrique 4 048 670 Antananarivo
33%
187 Afrique 2 726 820 Mogadiscio
28%
196 Asie 2 660 950 Sapporo
18%
98 Afrique 4 490 730 Kano
11%
66 Asie 6 104 600 Qingdao
7%
217 Amérique du Sud 2 400 830 Maracaibo
5%
94 Asie 4 659 830 Ningbo
3%
273 Asie 1 938 920 Cần Thơ
2%
264 Asie 1 991 460 Davao
0%
311 Asie 1 723 730 Qinhuangdao
0%
Aucun quiz correspondant
Distribution des résultats
% des personnes avec chaque résultat
Percentile par nombre de réponses
Votre historique - résultats
Vous n’avez pas pris ce quiz